00644nam a2200181 a 450000100100000000500170001000800410002702000150006804000250008308200160010810000290012424501140015325000120026726000310027930000210031095201140033199900170044500003521820200930074202.0111026s1974 xxua 000 0 spa d a8439903537 aDO-SdBNPbspacBNPHU axxxxbP788m1 aPompa, Gerónimo96096910aMedicamentos indígenas :bcolección extraida de los reinos vegetal, animal y mineral /cGerónimo Pompa. a41a ed. aMiami :bAmérica,c1974. a311 p. ;c19 cm. 001050718MOaGRbGRcCTd2011-10-26iLF1l0oxxxx P788mp35218-10r2020-06-25w2020-06-25y1ZNo se presta c34709d34709